Collected poems 1947-1980
Guardado en:
| Autor principal: | |
|---|---|
| Formato: | Libro |
| Lenguaje: | inglés |
| Publicado: |
Nueva York
Perennial Library
1988
|
| Materias: | |
| Etiquetas: |
Agregar Etiqueta
Sin Etiquetas, Sea el primero en etiquetar este registro!
|
MARC
| LEADER | 00000nam a2200000 a 4500 | ||
|---|---|---|---|
| 001 | UCY1003 | ||
| 003 | CL-VaPUC | ||
| 008 | 940819e19880000US |||||||||||||||||eng|d | ||
| 082 | 0 | 4 | |a 811 |b GIN |2 21 |
| 100 | |a Ginsberg, Allen |e author |9 408119 | ||
| 245 | 1 | 0 | |a Collected poems 1947-1980 |
| 300 | |a 837 p | ||
| 942 | |c BK | ||
| 945 | |d 19940819 00:00:00 |a rbrito | ||
| 260 | |a Nueva York |b Perennial Library |c 1988 | ||
| 650 | 7 | |a POESIAS ESTADOUNIDENSES |2 CL-VaPUC |9 328868 | |
| 583 | |a last modification |c 19940819 00:00:00 |k Rodrigo Vera | ||
| 999 | |c 229843 |d 229841 | ||
| 952 | |0 0 |1 0 |4 0 |6 811_000000000000000_GIN_1988 |7 0 |8 A |9 231533 |a BIBEDU |b BIBEDU |d 2019-11-15 |i 3007405 |o 811 GIN 1988 |p 3007405 |r 2019-11-15 |w 2019-11-15 |y BK |k LIT | ||